000 00229nam a2200085Ia 4500
008 180219s9999 xx 000 0 und d
100 _aSharma R A
245 0 _aMetaphysics Epistemology Axiology And Education
260 _a"R.Lall Book Depot
260 _cMeerut"
999 _c42164
_d42164